000 00294nam a2200133Ia 4500
100 _aRobert. G.A. & Cary/ R.A.
942 _cRB
654 _atool sheet
245 _aTool sheets
260 _bAmerican Society for metals
_aOhio
_c1980
082 _a672.3
300 _a820
546 _aENGLISH
999 _c34436
_d34436